[Event "ARA Campeonato de Aragon por Equipos Preferente Grupo II (204366)"]
[Site ""]
[Date "2019.02.09"]
[Round "3.58"]
[White "Buisac Anadon, Pablo"]
[Black "Arrieta Restrepo, Steven"]
[Result "1/2-1/2"]
[WhiteElo "1864"]
[BlackElo "1949"]
[PlyCount "0"]
[WhiteTeam "Jaque B"]
[BlackTeam "Monzon"]
[EventDate "2019.01.26"]


1. d4 c5 2. d5 g6 3. e4 Bg7 4. Nc3 d6 5. Nf3 Nf6 6. Be2 O-O 7. O-O a6 8. a4 e6
9. Nd2 exd5 10. exd5 Nbd7 11. Nc4 Nb6 12. h3 Nxc4 13. Bxc4 Bf5 14. Bf4 Re8 15.
Qd2 Ne4 16. Qc1 Nxc3 17. bxc3 Bxc3 18. Rb1 Qc7 19. Rb3 Be5 20. Be3 Rab8 21. Qd2
Bd7 22. a5 b6 23. axb6 Rxb6 24. Rfb1 Reb8 25. Bh6 Rxb3 26. Rxb3 Rxb3 27. cxb3
Bc8 28. Bf4 Bxf4 29. Qxf4 Bb7 1/2-1/2

[Event "ARA Campeonato de Aragon por Equipos Preferente Grupo II (204366)"]
[Site ""]
[Date "2019.02.09"]
[Round "3.59"]
[White "Mendoza Barcia, Pedro"]
[Black "Carrasquer Alonso, Luis"]
[Result "0-1"]
[WhiteElo "1860"]
[BlackElo "1840"]
[PlyCount "0"]
[WhiteTeam "Monzon"]
[BlackTeam "Jaque B"]
[EventDate "2019.01.26"]

1. e4 e5 2. Nf3 Nc6 3. Nc3 Nf6 4. d4 d6 5. dxe5 Nxe5 6. Nxe5 dxe5 7. Qxd8+ Kxd8
8. Bg5 c6 9. O-O-O+ Ke8 10. Bc4 Be6 11. Bxe6 fxe6 12. Rd3 Be7 13. Rhd1 Rd8 14.
Be3 Rxd3 15. Rxd3 b6 16. f3 Kf7 17. Nd1 Rd8 18. Nf2 Rxd3 19. Nxd3 Bd6 20. Bd2
Nd7 21. Bc3 Ke7 22. Kd2 a5 23. b3 Bc7 24. g3 g5 25. Ke2 h6 26. h4 gxh4 27. gxh4
h5 28. Ke3 Kf7 29. f4 Bd8 30. Nxe5+ Nxe5 31. Bxe5 b5 32. Bc3 Bxh4 33. Bxa5 Be7
34. Be1 b4 35. c3 c5 36. cxb4 cxb4 37. Kf3 Kg6 38. Kg3 Bd6 39. Bf2 Be7 0-1

[Event "ARA Campeonato de Aragon por Equipos Preferente Grupo II (204366)"]
[Site ""]
[Date "2019.02.09"]
[Round "3.60"]
[White "Pascual Sese, Lucas"]
[Black "Garreta Nieto, Maria"]
[Result "1/2-1/2"]
[WhiteElo "1712"]
[BlackElo "1754"]
[PlyCount "0"]
[WhiteTeam "Jaque B"]
[BlackTeam "Monzon"]
[EventDate "2019.01.26"]

1. d4 d5 2. Bf4 Nf6 3. e3 Bf5 4. c4 c6 5. Nc3 e6 6. Qb3 Qb6 7. c5 Qxb3 8. axb3
Nbd7 9. Nf3 Be7 10. h3 O-O 11. b4 a6 12. Nd2 Rfc8 13. Be2 Bd8 14. O-O Bc7 15.
Bxc7 Rxc7 16. b5 cxb5 17. Nxb5 Rcc8 18. Nd6 Rcb8 19. b4 Ne8 20. Nxf5 exf5 21.
Nb3 Nc7 22. Rfc1 Nf6 23. Nd2 Ne4 24. Nb3 g6 25. Bd3 Re8 26. Na5 Rab8 27. c6 b6
28. Nb7 Ra8 29. Re1 Re6 30. Rac1 Rae8 31. Bxe4 fxe4 32. Re2 f5 33. g3 Rf6 34.
h4 Ree6 35. Rec2 Re8 36. Kg2 Rfe6 37. Ra1 Ra8 38. Kf1 Kg7 39. Ke2 h6 40. Kd2
Rh8 41. Rh1 Kf6 42. Kc1 Rc8 43. Kb2 Nb5 44. Rhc1 Nc7 45. Ra1 g5 46. h5 Rg8 47.
Rg1 g4 48. Ra1 Kg5 49. Rh1 Rf8 50. Rh2 1/2-1/2

[Event "ARA Campeonato de Aragon por Equipos Preferente Grupo II (204366)"]
[Site ""]
[Date "2019.02.09"]
[Round "3.61"]
[White "Fontana Sotomayor, Luis Javier"]
[Black "Malo Guillen, Jose Luis"]
[Result "1-0"]
[WhiteElo "2256"]
[BlackElo "2140"]
[PlyCount "0"]
[WhiteTeam "Jaime Casas B"]
[BlackTeam "Las Fuentes"]
[EventDate "2019.01.26"]

1. e4 g6 2. d4 Bg7 3. Nf3 d6 4. c3 a6 5. a4 b6 6. Bd3 Nd7 7. O-O Bb7 8. Re1
Ngf6 9. e5 dxe5 10. dxe5 Ng4 11. e6 fxe6 12. Ng5 Nde5 13. Be2 Qxd1 14. Rxd1 Nf6
15. Nxe6 Rc8 16. Bf4 Nfd7 17. Nxg7+ Kf7 18. Bxe5 Nxe5 19. f4 Nc6 20. Ne6 Kxe6
21. Bg4+ Kf6 22. Bxc8 Rxc8 23. Nd2 Nd8 24. g3 Ne6 25. a5 b5 26. Nb3 g5 27.
fxg5+ Kxg5 28. Re1 Kf6 29. Rf1+ Kg6 30. h4 Bd5 31. Nd2 Nc5 32. Rae1 Re8 33. Re5
c6 34. Nf3 h6 35. Re3 Nb3 36. Ne5+ Kg7 37. Nd7 Bc4 38. Rf4 e6 39. Ne5 Bd5 40.
Rf7+ Kg8 41. Re2 Nxa5 42. Ref2 Nc4 43. Ng4 h5 44. Nh6+ Kh8 45. Ra7 e5 46. Rf5
e4 47. Rxh5 e3 48. Nf5+ Kg8 49. Rg7+ 1-0

[Event "ARA Campeonato de Aragon por Equipos Preferente Grupo II (204366)"]
[Site ""]
[Date "2019.02.09"]
[Round "3.62"]
[White "Alonso Blasco, Jose Miguel"]
[Black "Inglan Bielsa, Fernando"]
[Result "1-0"]
[WhiteElo "1958"]
[BlackElo "2082"]
[PlyCount "0"]
[WhiteTeam "Las Fuentes"]
[BlackTeam "Jaime Casas B"]
[EventDate "2019.01.26"]

1. e4 c5 2. Nf3 d6 3. Bb5+ Bd7 4. Bxd7+ Qxd7 5. O-O Nc6 6. c3 g6 7. d4 cxd4 8.
cxd4 Bg7 9. Nc3 Nf6 10. d5 Ne5 11. Nxe5 dxe5 12. f3 O-O 13. Qb3 Ne8 14. Qb5
Qxb5 15. Nxb5 a6 16. Nc3 b5 17. Bg5 f6 18. Be3 Rc8 19. Rfc1 Nd6 20. b3 f5 21.
a3 fxe4 22. fxe4 a5 23. b4 axb4 24. axb4 Rc4 25. Bc5 Bh6 26. Rc2 Rf7 27. Raa2
Kf8 28. g3 Rf3 29. Bxd6 exd6 30. Nxb5 Rxe4 31. Rc7 Re1+ 32. Kg2 Rf7 33. Rxf7+
Kxf7 34. Ra7+ Kf6 35. Nxd6 e4 36. Nf7 Be3 37. Rb7 g5 38. h3 Bd2 39. b5 Bb4 40.
d6 Ke6 41. d7 Re2+ 42. Kf1 Re1+ 43. Kf2 e3+ 44. Kf3 Rf1+ 45. Kxe3 Rxf7 46.
d8=N+ 1-0

[Event "ARA Campeonato de Aragon por Equipos Preferente Grupo II (204366)"]
[Site ""]
[Date "2019.02.09"]
[Round "3.63"]
[White "Rodriguez Leiva, Manuel"]
[Black "Querol Soro, Sergio"]
[Result "0-1"]
[WhiteElo "1932"]
[BlackElo "1927"]
[PlyCount "0"]
[WhiteTeam "Jaime Casas B"]
[BlackTeam "Las Fuentes"]
[EventDate "2019.01.26"]

1. c4 Nf6 2. Nc3 g6 3. d4 d5 4. cxd5 Nxd5 5. e4 Nxc3 6. bxc3 c5 7. Nf3 Bg7 8.
e5 O-O 9. h3 Nc6 10. Be2 Qa5 11. Bd2 Rd8 12. Qb3 Qc7 13. Be3 Be6 14. Qb2 Rab8
15. O-O cxd4 16. cxd4 Bd5 17. Rfc1 a6 18. Rc5 e6 19. Rac1 Bf8 20. R5c3 Qa5 21.
a3 Bxf3 22. Bxf3 Nxd4 23. Bxd4 Rxd4 24. Rc8 Rxc8 25. Rxc8 Qe1+ 26. Kh2 Qxe5+
27. g3 Qd6 28. Kg2 Rd2 29. Qf6 Qd4 30. Qxd4 Rxd4 31. Bxb7 Ra4 32. Ra8 a5 33.
Bc6 Rxa3 34. Be8 Ra2 35. Ra7 Rxf2+ 36. Kxf2 Bc5+ 37. Kf3 Bxa7 38. g4 f6 39. Ba4
Kf7 40. Bb3 f5 41. g5 Bd4 42. Kf4 Bb2 43. h4 Bg7 44. Ke3 h6 0-1

[Event "ARA Campeonato de Aragon por Equipos Preferente Grupo II (204366)"]
[Site ""]
[Date "2019.02.09"]
[Round "3.64"]
[White "Javierre Conesa, Alfonso"]
[Black "Salas Latorre, Jose"]
[Result "0-1"]
[WhiteElo "1911"]
[BlackElo "1718"]
[PlyCount "0"]
[WhiteTeam "Las Fuentes"]
[BlackTeam "Jaime Casas B"]
[EventDate "2019.01.26"]

1. d4 d5 2. c4 e6 3. Nc3 Nf6 4. Nf3 Nbd7 5. Bf4 c6 6. e3 Be7 7. h3 b6 8. cxd5
exd5 9. Bd3 Bb7 10. O-O O-O 11. Rc1 c5 12. b3 a6 13. a4 Ne4 14. Bb1 Ndf6 15.
dxc5 Bxc5 16. Ne2 Rc8 17. Nfd4 Bb4 18. Nc2 Bd2 19. Be5 Bxc1 20. Qxc1 Nc5 21.
Qa3 Nfe4 22. Rd1 Qg5 23. Bf4 Qf6 24. Ncd4 Rfe8 25. b4 Ne6 26. Nxe6 Rxe6 27. Qd3
g6 28. Nd4 Ree8 29. Rf1 Rc4 30. Qa3 Rec8 31. Qb2 Qe7 32. Nc2 Nc3 33. a5 Nxb1
0-1

[Event "ARA Campeonato de Aragon por Equipos Preferente Grupo II (204366)"]
[Site ""]
[Date "2019.02.09"]
[Round "3.65"]
[White "Chueca Lorente, Javier"]
[Black "Fuster Garcia, Luis"]
[Result "1-0"]
[WhiteElo "2122"]
[BlackElo "2167"]
[PlyCount "0"]
[WhiteTeam "St. Casablanca B"]
[BlackTeam "Marcos Frechin B"]
[EventDate "2019.01.26"]

1.c4 e5 2.Nc3 Nc6 3.g3 f5 4.Bg2 Nf6 5.d3 Bb4 6.Bd2 O-O 7.e3 d6 8.Nge2 Bc5 9.
Na4 a5 10.Nxc5 dxc5 11.Bc3 Qe8 12.O-O Bd7 13.Qd2 b6 14.f4 exf4 15.Nxf4 Rd8 16.
Bxf6 gxf6 17.Nd5 Qe5 18.Rad1 Nb4 19.d4 Qd6 20.Nc3 c6 21.a3 Na6 22.Qe2 Nc7 23.
Bh3 Ne6 24.Bxf5 Ng5 25.dxc5 Qe7 26.Rxd7 Rxd7 27.Bxd7 Qxd7 28.cxb6 Qe7 29.h4
Nf7 30.Qg4+ Kh8 31.Qf4 Ne5 32.h5 Qe6 33.h6 Kg8 34.Ne4 Qh3 35.Nxf6+ Rxf6 36.
Qg5+ 1-0

[Event "ARA Campeonato de Aragon por Equipos Preferente Grupo II (204366)"]
[Site ""]
[Date "2019.02.09"]
[Round "3.66"]
[White "Hususan, Melisa"]
[Black "Sanjulian Arruga, Pablo"]
[Result "0-1"]
[WhiteElo "1763"]
[BlackElo "1850"]
[PlyCount "0"]
[WhiteTeam "Marcos Frechin B"]
[BlackTeam "St. Casablanca B"]
[EventDate "2019.01.26"]

1.e4 c5 2.Nf3 e6 3.d4 cxd4 4.Nxd4 Nf6 5.Nc3 d6 6.Be3 Be7 7.Bc4 a6 8.Bb3 b5 9.
a3 Bb7 10.f3 Nbd7 11.O-O (11.Bxe6 fxe6 12.Nxe6 Qc8 13.Nxg7+ Kf7 14.Nf5) 11...
O-O 12.Qe1 (12.Bxe6 fxe6 13.Nxe6 Qc8 14.Nxf8 Nxf8) 12...Re8 13.Rd1 Ne5 14.a4
b4 15.Nce2 d5 16.exd5 Bxd5 17.Bxd5 Nxd5 18.Bf2 Nc4 19.Nc6 Qc8 (19...Qc7 20.
Nxe7+ Rxe7) 20.Nxe7+ Rxe7 21.Ng3 Rc7 22.Bd4 Ncb6 23.Bxb6 Nxb6 24.Qxb4 Nd5 25.
Qa3 Rxc2 26.Ne4 Rb8 27.Rb1 Qc6 28.Kh1 Rc8 29.h3 f5 30.Nf2 Qb6 31.Nd3 Ne3 32.
Rg1 Rd2 33.Nf4 e5 34.Nh5 f4 35.Qe7 Qc7 36.Qe6+ Kf8 37.Qxa6 Qc6 38.Qa5 Qd6 39.
Qa7 Qg6 40.Qb7 Rcd8 41.Qb4+ Kg8 42.Nxf4 exf4 43.Qxf4 Nxg2 44.Qc4+ Kh8 45.b4
Qh6 46.Qg4 Nf4 47.Rg3 Rd1+ 48.Rxd1 Rxd1+ 49.Kh2 Rd2+ 50.Kh1 Rd1+ 51.Kh2 Ne6
52.b5 Qc1 53.Rg1 Rxg1 54.Qxg1 Qc2+ 55.Kh1 Qxa4 56.Qb6 Qd1+ 57.Kg2 Qd2+ 58.Kg3
Qf4+ 59.Kg2 Qg5+ 60.Kh2 Qe5+ 61.Kg2 Nf4+ 62.Kh1 Qe1+ 63.Kh2 Qd2+ 64.Kg3 Ne2+
65.Kg2 Nd4+ 66.Kg3 Qe1+ 67.Kg4 Qg1+ 68.Kf4 0-1

[Event "ARA Campeonato de Aragon por Equipos Preferente Grupo II (204366)"]
[Site ""]
[Date "2019.02.09"]
[Round "3.67"]
[White "Ayensa Garcia, Miguel Angel"]
[Black "Alas Sebastian, Yasmina"]
[Result "1-0"]
[WhiteElo "1849"]
[BlackElo "1729"]
[PlyCount "0"]
[WhiteTeam "St. Casablanca B"]
[BlackTeam "Marcos Frechin B"]
[EventDate "2019.01.26"]

1.c4 g6 2.Nc3 Bg7 3.e4 d6 4.d4 Nd7 5.Nf3 e5 6.Be2 Ne7 7.Be3 O-O 8.Qd2 f5 9.Bh6
Qe8 10.Bxg7 Kxg7 11.O-O-O a6 12.h4 f4 13.h5 Rf6 14.hxg6 Rxg6 15.g3 Qf7 16.dxe5
dxe5 17.Nd5 Nxd5 18.cxd5 c6 19.Nh4 Rg5 20.Nf5+ Kf8 21.gxf4 exf4 22.Qxf4 Qf6
23.dxc6 Qxc6+ 24.Kb1 Rg6 25.Rd6 Qa4 26.Rxg6 hxg6 27.Qd6+ Kg8 28.Qxg6+ Kf8 29.
Rh8# 1-0

[Event "ARA Campeonato de Aragon por Equipos Preferente Grupo II (204366)"]
[Site ""]
[Date "2019.02.09"]
[Round "3.68"]
[White "Moya Gimeno, Raul"]
[Black "Lazaro Abadias, Andres"]
[Result "1/2-1/2"]
[WhiteElo "1710"]
[BlackElo "1535"]
[PlyCount "0"]
[WhiteTeam "Marcos Frechin B"]
[BlackTeam "St. Casablanca B"]
[EventDate "2019.01.26"]

1.e4 c5 2.Ne2 e6 3.g3 d6 4.Bg2 Nf6 5.O-O Be7 6.c3 d5 $5 7.e5 Nfd7 8.d4 Nc6 9.
b3 a6 10.Bb2 $2 b5 11.f4 O-O 12.a4 Bb7 13.axb5 axb5 14.Rxa8 Qxa8 15.Nd2 Qa2 $2
16.Qc2 Qa5 17.Ra1 Qb6 18.Nf3 Rc8 19.Qb1 $2 cxd4 20.cxd4 Nb4 21.Nc3 f6 22.h3 $2
fxe5 23.fxe5 Nxe5 24.Nxe5 Qxd4+ 25.Kh2 Qxe5 26.Nxd5 Qd6 27.Be5 Qd8 28.Bc7 Qf8
$2 (28...Rxc7 $1 29.Nxc7 Bxg2 30.Kxg2 Qxc7) 29.Nxe7+ Qxe7 30.Bxb7 Rxc7 31.Ra8+
Kf7 32.Qf1+ Qf6 33.Qxb5 Qf2+ 34.Bg2 Nd5 35.Qe8+ Kf6 36.Qh5 g6 $2 37.Rf8+ Rf7
38.Rxf7+ Kxf7 39.Qxh7+ Kf6 40.Qb7 Kg5 $2 41.Qg7 Kf5 42.g4+ $2 (42.b4 $1) 42...
Kg5 43.Qe5+ Kh6 44.Qg3 Qb2 45.h4 Qe2 46.Qf3 $2 Qe5+ 47.Kg1 (47.Kh3 Nf4+ 48.Kh2
g5) 47...Qe1+ 48.Bf1 Qxh4 49.Qh1 Qxh1+ 50.Kxh1 Kg5 51.Be2 Kh4 52.Kg1 Kg3 53.
Bd3 Kxg4 (53...g5) 54.Bxg6 e5 55.Kf1 Kf4 56.Bd3 e4 57.Bxe4 Kxe4 1/2-1/2

[Event "ARA Campeonato de Aragon por Equipos Preferente Grupo II (204366)"]
[Site ""]
[Date "2019.02.09"]
[Round "3.69"]
[White "Larrosa Poves, Jose Manuel"]
[Black "Faro Perella, Alberto"]
[Result "1-0"]
[WhiteElo "1912"]
[BlackElo "1960"]
[PlyCount "0"]
[WhiteTeam "Agrupacion C"]
[BlackTeam "Binefar"]
[EventDate "2019.01.26"]

1. d4 Nf6 2. c4 e5 3. dxe5 Ne4 4. Qc2 Bb4+ 5. Bd2 Nxd2 6. Nxd2 Nc6 7. Ngf3 Qe7
8. a3 Bxd2+ 9. Qxd2 Nxe5 10. Nxe5 Qxe5 11. e3 d6 12. Be2 Bf5 13. O-O O-O 14.
Bf3 Be4 15. Bxe4 Qxe4 16. Qd5 Rfe8 17. Rfd1 Re5 18. Qxe4 Rxe4 19. Rac1 Kf8 20.
c5 dxc5 21. Rxc5 Re7 22. b4 Ke8 23. Kf1 Rd8 24. Rxd8+ Kxd8 25. Ke2 Rd7 26. h4
g6 27. g4 Rd6 28. f4 Kd7 29. g5 b6 30. Rc4 c6 31. e4 a6 32. Ke3 Ke6 33. Rd4 c5
34. bxc5 bxc5 35. Rxd6+ Kxd6 36. Kd3 Kc6 37. Kc4 Kb6 38. a4 Kc6 39. a5 Kd6 40.
f5 Kc6 41. fxg6 hxg6 42. e5 Kd7 43. Kxc5 Kc7 44. e6 fxe6 45. h5 1-0

[Event "ARA Campeonato de Aragon por Equipos Preferente Grupo II (204366)"]
[Site ""]
[Date "2019.02.09"]
[Round "3.70"]
[White "Bayona Bafaluy, Jose Maria"]
[Black "Carruez Gracia, Eduardo"]
[Result "0-1"]
[WhiteElo "1813"]
[BlackElo "1894"]
[PlyCount "0"]
[WhiteTeam "Binefar"]
[BlackTeam "Agrupacion C"]
[EventDate "2019.01.26"]

1. e4 e6 2. Nc3 d5 3. d4 Bb4 4. exd5 exd5 5. g3 Ne7 6. Bg2 Nbc6 7. Nge2 Bf5 8.
O-O Qd7 9. Nf4 Bxc3 10. bxc3 f6 11. Re1 O-O-O 12. Qe2 Rhe8 13. Qb5 g5 14. Nh5
Rf8 15. Ba3 Rf7 16. Rab1 b6 17. c4 Bg4 18. cxd5 Nxd5 19. c4 Nc3 20. Qa6+ Kb8
21. Rb3 Ne2+ 22. Kf1 Nexd4 23. Nxf6 Rxf6 24. Rd3 Bh3 25. Qa4 Qf5 26. Rd2 Bxg2+
27. Kxg2 Qf3+ 28. Kg1 Qc3 0-1

[Event "ARA Campeonato de Aragon por Equipos Preferente Grupo II (204366)"]
[Site ""]
[Date "2019.02.09"]
[Round "3.71"]
[White "Garcia Valer, Jesus"]
[Black "Lanau Corzan, Gerardo"]
[Result "1-0"]
[WhiteElo "1841"]
[BlackElo "1812"]
[PlyCount "0"]
[WhiteTeam "Agrupacion C"]
[BlackTeam "Binefar"]
[EventDate "2019.01.26"]

1. e4 e5 2. Nf3 Nc6 3. Bc4 Bc5 4. b4 Bb6 5. d3 d6 6. O-O h6 7. c3 a6 8. Be3
Bxe3 9. fxe3 Nf6 10. Nbd2 O-O 11. Qe2 Re8 12. Bb3 Be6 13. Rae1 Qd7 14. Nh4 Ne7
15. Qf2 c6 16. Nc4 Qc7 17. Nf5 Bxf5 18. exf5 d5 19. Nd2 Qd7 20. e4 Rad8 21. Nf3
Qd6 22. Qh4 Kf8 23. g4 dxe4 24. dxe4 Qd3 25. g5 hxg5 26. Nxg5 Neg8 27. Nxf7 Rd7
28. Ng5 Qxc3 29. Ne6+ Ke7 30. Qg5 1-0

[Event "ARA Campeonato de Aragon por Equipos Preferente Grupo II (204366)"]
[Site ""]
[Date "2019.02.09"]
[Round "3.72"]
[White "Arino Castan, Federico"]
[Black "Martin Pastor, Ivan"]
[Result "1-0"]
[WhiteElo "1727"]
[BlackElo "1778"]
[PlyCount "0"]
[WhiteTeam "Binefar"]
[BlackTeam "Agrupacion C"]
[EventDate "2019.01.26"]

1. d4 Nf6 2. c4 c5 3. e3 e6 4. Nc3 b6 5. Be2 Bb7 6. Bf3 Nc6 7. Nge2 d6 8. O-O
Be7 9. Qa4 Qd7 10. d5 exd5 11. cxd5 Ne5 12. Qxd7+ Kxd7 13. e4 h6 14. Ng3 Nxf3+
15. gxf3 g6 16. Bd2 a6 17. a4 Kc7 18. Rfc1 Nd7 19. Rab1 Ne5 20. Kg2 g5 21. Nce2
Kd7 22. Bc3 Rhg8 23. Re1 b5 24. b3 b4 25. Bb2 a5 26. Bxe5 dxe5 27. Nf5 Bf8 28.
Neg3 Rg6 29. h3 Ba6 30. Rbc1 Rc8 31. Ne3 Rg8 32. Nc4 Bxc4 33. Rxc4 Rg6 34. Nf5
Rc7 35. Ne3 Bd6 36. Rc2 Ra7 37. Rec1 h5 38. Nc4 Bc7 39. Rd1 Ke7 40. Ne3 Kd7 41.
Rdc1 Bd6 42. Nc4 Bc7 43. Ne3 Bd6 44. Nf5 Rc7 45. Kf1 g4 46. fxg4 hxg4 47. h4
Rg8 48. Ke2 Rcc8 49. Kd3 Rc7 50. Kc4 f6 51. h5 Rb7 52. Rh1 Rbb8 53. Rcc1 Rh8
54. h6 Rh7 55. Rcg1 Rg8 56. f3 1-0

[Event "División de Honor Aragonesa 2019 - Encuentros por tableros Global"]
[Site ""]
[Date "2019.02.16"]
[Round "4.1"]
[White "Forcen Esteban, Daniel"]
[Black "Cifuentes Parada, Roberto"]
[Result "1-0"]
[WhiteElo "2567"]
[BlackElo "2445"]
[PlyCount "0"]
[WhiteTeam "Jaime Casas"]
[BlackTeam "Jaque"]
[EventDate "2019.01.26"]

1. c4 c6 2. d4 d5 3. Nf3 Nf6 4. e3 g6 5. Be2 Bg7 6. O-O O-O 7. Nc3 e6 8. b3
Nbd7 9. Qc2 b6 10. Ba3 Re8 11. Ne5 Bb7 12. Rad1 Rc8 13. f4 a6 14. Bf3 Bf8 15.
Bb2 c5 16. dxc5 Bxc5 17. Qf2 Qe7 18. cxd5 Nxe5 19. fxe5 Nxd5 20. Bxd5 Bxd5 21.
Rxd5 exd5 22. Nxd5 Qe6 23. Nf6+ Kg7 24. Nxe8+ Rxe8 25. Qxf7+ Qxf7 26. e6+ Qf6
27. Bxf6+ Kg8 28. Bd4 Bxd4 29. exd4 Rxe6 30. Kf2 Rc6 31. Ke3 Kg7 32. Rf2 g5 33.
d5 Rh6 34. g3 1-0

[Event "División de Honor Aragonesa 2019 - Encuentros por tableros Global"]
[Site ""]
[Date "2019.02.16"]
[Round "4.2"]
[White "Ereza Vizcarra, Fernando"]
[Black "Antoli Royo, Joaquin Miguel"]
[Result "0-1"]
[WhiteElo "2059"]
[BlackElo "2438"]
[PlyCount "0"]
[WhiteTeam "Jaque"]
[BlackTeam "Jaime Casas"]
[EventDate "2019.01.26"]

1. e4 Nf6 2. e5 Nd5 3. d4 d6 4. Nf3 Bg4 5. Be2 c6 6. h3 Bxf3 7. Bxf3 dxe5 8.
dxe5 e6 9. O-O Nd7 10. c4 Ne7 11. Qd4 Ng6 12. Bf4 Qh4 13. g3 Qxh3 14. Rd1 O-O-O
15. Nc3 Bc5 16. Qe4 Nxf4 17. Qxf4 g5 18. Qg4 Qxg4 19. Bxg4 Nxe5 20. Be2 Rxd1+
0-1

[Event "División de Honor Aragonesa 2019 - Encuentros por tableros Global"]
[Site ""]
[Date "2019.02.16"]
[Round "4.3"]
[White "Ramiro Ovejero, Juan Luis"]
[Black "Escartin Lacasa, Jose"]
[Result "1-0"]
[WhiteElo "2358"]
[BlackElo "1976"]
[PlyCount "0"]
[WhiteTeam "Jaime Casas"]
[BlackTeam "Jaque"]
[EventDate "2019.01.26"]

1. e4 c5 2. Nf3 e6 3. c3 Nf6 4. e5 Nd5 5. Bc4 d6 6. d4 cxd4 7. cxd4 Be7 8. O-O
O-O 9. Qe2 b6 10. Bd2 Bb7 11. Nc3 Nd7 12. Bxd5 exd5 13. e6 Nb8 14. exf7+ Rxf7
15. Qe6 Qd7 16. Rfe1 Qxe6 17. Rxe6 Na6 18. Rae1 Bf8 19. Nb5 Nc7 20. Nxc7 Rxc7
21. h4 Rd8 22. Bg5 Rdd7 23. Re8 h6 24. Bf4 Kf7 25. h5 Be7 26. Rh8 Rc2 27. g4
Ba6 28. g5 hxg5 29. Bxg5 Re2 30. Rc1 Rxb2 31. Rc3 Rxa2 32. Bxe7 Rxe7 33. Ng5+
Kf6 34. Nh7+ Kf5 35. Rf3+ Kg4 36. Rg3+ Kh4 37. Rf8 Rxf2 38. Kxf2 Re2+ 39. Kf3
Rd2 40. Rf4+ Kxh5 41. Rg5+ 1-0

[Event "División de Honor Aragonesa 2019 - Encuentros por tableros Global"]
[Site ""]
[Date "2019.02.16"]
[Round "4.4"]
[White "Buisac Anadon, Pablo"]
[Black "Gines Esteo, Pedro Antonio"]
[Result "0-1"]
[WhiteElo "1864"]
[BlackElo "2318"]
[PlyCount "0"]
[WhiteTeam "Jaque"]
[BlackTeam "Jaime Casas"]
[EventDate "2019.01.26"]

1. d4 g6 2. Nf3 Bg7 3. c4 d6 4. Nc3 Nc6 5. d5 Nb8 6. e4 c6 7. Be2 Nf6 8. O-O
Bg4 9. Be3 O-O 10. Qd2 Nbd7 11. Bh6 Nc5 12. Bxg7 Kxg7 13. Qe3 Qb6 14. e5 dxe5
15. Nxe5 Bxe2 16. Qxe2 cxd5 17. Nxd5 Nxd5 18. cxd5 Rfd8 19. Rfd1 Rac8 20. b3
Qb4 21. Nc4 b5 22. Ne5 Qe4 23. Qxe4 Nxe4 24. Nc6 Rd7 25. Re1 Nf6 26. Rxe7 Rxd5
27. Nxa7 Rc2 28. h3 Rf5 29. Rf1 Rxa2 30. Rb7 Ra3 31. Rb1 Ne4 32. Nxb5 Rxb5 0-1

[Event "División de Honor Aragonesa 2019 - Encuentros por tableros Global"]
[Site ""]
[Date "2019.02.16"]
[Round "4.5"]
[White "Gracia Suarez, Jesus"]
[Black "Garza Marco, Sergio"]
[Result "1-0"]
[WhiteElo "2080"]
[BlackElo "2407"]
[PlyCount "0"]
[WhiteTeam "San Jose"]
[BlackTeam "Helios"]
[EventDate "2019.01.26"]

1. Nc3 g6 2. d4 Bg7 3. e4 d6 4. Be3 c6 5. Qd2 Nd7 6.
O-O-O b5 7. Kb1 Nb6 8. Bd3 Qc7 9. Nf3 Nf6 10. Bh6 O-O 11. Qg5 b4 12. Ne2 c5 13.
Bxg7 Kxg7 14. e5 c4 15. Nf4 Ng8 16. Be4 d5 17. Bxd5 Nxd5 18. Nxd5 Qb7 19. Ne3
b3 20. c3 bxa2+ 21. Ka1 Rb8 22. Rd2 a5 23. Nxc4 a4 24. d5 Rd8 25. Na5 Qb6 26.
Nc6 a3 27. Nxb8 Rxd5 28. b4 Rxd2 29. Qxd2 Qxb8 30. Qd8 Qb7 31. Rd1 Be6 32. Nd4
Bc4 33. f3 e6 34. Nc2 Bb3 35. Qd3 Qc7 36. Re1 Qa7 37. Nd4 Ba4 38. Kxa2 Ne7 39.
Qc4 Nd5 40. Rb1 Qb8 41. b5 Qxe5 42. Kxa3 Qd6+ 43. Kb2 Nb6 44. Qc6 Qd8 45. Re1
Qb8 46. Nxe6+ fxe6 47. Rxe6 Nc8 48. Re8 Bxb5 49. Rxc8 1-0

[Event "División de Honor Aragonesa 2019 - Encuentros por tableros Global"]
[Site ""]
[Date "2019.02.16"]
[Round "4.6"]
[White "Calvo Simon, Jorge"]
[Black "Gutierrez Mingueza, Ruben"]
[Result "1/2-1/2"]
[WhiteElo "2192"]
[BlackElo "2068"]
[PlyCount "0"]
[WhiteTeam "Helios"]
[BlackTeam "San Jose"]
[EventDate "2019.01.26"]

1. e4 c5 2. Nf3 Nc6 3. d4 cxd4 4. Nxd4 Nf6 5. Nc3 e5 6. Ndb5 d6 7. Bg5 a6 8.
Na3 b5 9. Nd5 Be7 10. Bxf6 Bxf6 11. c4 b4 12. Nc2 O-O 13. Be2 a5 14. O-O Bg5
15. Nce3 Be6 16. g3 Bxe3 17. Nxe3 Qb6 18. Qd3 Nd4 19. Kg2 Rfc8 20. Rac1 a4 21.
Bg4 b3 22. Bxe6 fxe6 23. a3 Ra7 24. Rfd1 Rac7 25. Rc3 Rf7 26. Rf1 Qc5 27. Rcc1
Rcf8 28. Rcd1 Rf3 29. Qb1 Nc2 30. Qc1 Nxe3+ 31. fxe3 Rxf1 32. Rxf1 Rxf1 33.
Kxf1 d5 34. Ke2 dxc4 35. Qc3 Kf7 36. Kd2 Kf6 37. Qb4 Qc6 38. Kc3 Qxe4 39. Qf8+
Kg6 40. Qe8+ Kf6 41. Qf8+ Kg6 1/2-1/2

[Event "División de Honor Aragonesa 2019 - Encuentros por tableros Global"]
[Site ""]
[Date "2019.02.16"]
[Round "4.7"]
[White "Ferreruela Romero, Jose Joaquin"]
[Black "Guzman Moneo, Alberto"]
[Result "1/2-1/2"]
[WhiteElo "2033"]
[BlackElo "2170"]
[PlyCount "0"]
[WhiteTeam "San Jose"]
[BlackTeam "Helios"]
[EventDate "2019.01.26"]

1. d4 g6 2. c4 Bg7 3. Nf3 d6 4. g3 Nf6 5. Bg2 O-O 6.
O-O Nbd7 7. Nc3 e5 8. e4 c6 9. h3 Qa5 10. Re1 exd4 11. Nxd4 Ne5 12. Bf1 Be6 13.
Nxe6 fxe6 14. Kg2 Rad8 15. f4 Nf7 16. Qe2 e5 17. f5 gxf5 18. exf5 d5 19. cxd5
cxd5 20. Kh2 d4 21. Ne4 Nxe4 22. Qxe4 Nd6 23. Qe2 Rxf5 24. Bd2 Qb6 25. Bg2 Rdf8
26. Qg4 Kh8 27. Bg5 Rf2 28. Re2 d3 29. Rxf2 Rxf2 30. Rg1 d2 31. h4 Nf5 32. Bxd2
Nxh4 33. gxh4 Rxd2 34. Kh1 Qf6 35. Rf1 Rf2 36. Rc1 Rf4 37. Rc8+ Bf8 38. Qg3
Rxh4+ 39. Kg1 1/2-1/2

[Event "División de Honor Aragonesa 2019 - Encuentros por tableros Global"]
[Site ""]
[Date "2019.02.16"]
[Round "4.8"]
[White "Cerrajeria Ruiz, Jesus Maria"]
[Black "Palomar Ramon, Santiago"]
[Result "1/2-1/2"]
[WhiteElo "2137"]
[BlackElo "1946"]
[PlyCount "0"]
[WhiteTeam "Helios"]
[BlackTeam "San Jose"]
[EventDate "2019.01.26"]

1. g3 e5 2. Bg2 Nf6 3. c4 c6 4. d4 e4 5. Nc3 d5 6. Nh3 Bf5 7. cxd5 cxd5 8. Bg5
Nbd7 9. Qb3 Qb6 10. Qxb6 Nxb6 11. Bxf6 gxf6 12. O-O Bh6 13. e3 Ke7 14. Nf4 Be6
15. a4 a5 16. Rfc1 Rhc8 17. Bf1 Bxf4 18. exf4 Bg4 19. Bg2 Rc4 20. Nxd5+ Nxd5
21. Rxc4 f5 22. Re1 Kd6 23. b3 Nb4 24. h3 Nd3 25. Rb1 Bh5 26. Bf1 Rg8 27. Bxd3
exd3 28. Rb2 Re8 29. Rd2 Re1+ 30. Kg2 Rd1 31. Rb2 d2 32. Rxd2 Rxd2 33. Rc5 b6
34. Rb5 Kc6 35. Rxf5 Bg6 36. Rf6+ Kd7 37. f5 Ke7 38. Rxb6 Bxf5 39. g4 Be4+ 40.
Kg3 Rxd4 41. f3 Rd3 42. Kf4 Bxf3 43. Rb5 Bd1 44. Rxa5 Rxb3 45. Re5+ Kf8 46. Rh5
Rb4+ 47. Kg3 Kg7 48. a5 Rb3+ 49. Kf4 Be2 50. Rg5+ Kf8 51. Rh5 Kg7 52. Rg5+ Kf8
53. Re5 Ba6 54. Rh5 Kg7 55. Rg5+ Kf8 56. Rh5 Kg7 57. Rg5+ Kf8 1/2-1/2